000 00538nam a22001577a 4500
003 0
005 20231106141934.0
008 221116b xxu||||| |||| 00| 0 eng d
050 _aHD 38.5
_b.J36 2022
100 _aJesse John G. Jamias
245 _aLogistics service quality and customer engagement of local food delivery service
_cJesse John G. Jamias
260 _aLas Pinas City, Philippines
_bSouthville International School and Colleges
_cC2022
300 _a184pp.
_c28cm.
_fTheses
500 _aLogistics service.
942 _2lcc
_cTH
999 _c364892
_d364892